[Event "Schachfestival Basel"]
[Site "?"]
[Date "2017.01.05"]
[Round "5.42"]
[White "Wagner, Benjamin"]
[Black "Paul, Mathias"]
[Result "1-0"]
[WhiteElo "1926"]
[BlackElo "2135"]
[PlyCount "73"]
[EventDate "2017.01.??"]
[EventType "swiss"]
[EventRounds "9"]

1. e4 c5 2. Nf3 e6 3. d4 cxd4 4. Nxd4 Nf6 5. Nc3 Nc6 6. Ndb5 d6 7. Bf4 e5 8.
Bg5 a6 9. Na3 b5 10. Bxf6 gxf6 11. Nd5 Bg7 12. c3 f5 13. exf5 Bxf5 14. Nc2 O-O
15. Nce3 Be6 16. Bd3 f5 17. O-O Rb8 18. Bc2 a5 19. Qh5 Qd7 20. Rad1 h6 21. Rd2
f4 22. Qg6 Rf7 23. Qh7+ Kf8 24. Bg6 fxe3 25. Bxf7 Bxf7 26. fxe3 Nd8 27. Rdf2
Rb7 28. Rf6 Qc6 29. e4 Bxf6 30. Rxf6 Qc5+ 31. Kh1 Ke8 32. Qh8+ Kd7 33. Rxf7+
Nxf7 34. Qf8 Qc4 35. Qxf7+ Kd8 36. Qf8+ Kd7 37. Qe7+ 1-0

[Event "Schachfestival Basel"]
[Site "?"]
[Date "2017.01.05"]
[Round "5.43"]
[White "Biastoch, Bennet"]
[Black "Harringer, Manfred"]
[Result "1-0"]
[WhiteElo "2134"]
[BlackElo "2009"]
[PlyCount "67"]
[EventDate "2017.01.??"]
[EventType "swiss"]
[EventRounds "9"]

1. e4 e5 2. Nf3 Nc6 3. Bb5 a6 4. Ba4 Nf6 5. O-O Be7 6. Re1 b5 7. Bb3 O-O 8. c3
d6 9. h3 Nb8 10. d4 Nbd7 11. Bc2 c5 12. b3 Qc7 13. Nbd2 Bb7 14. d5 Rfe8 15. Nf1
Bf8 16. g4 g6 17. Ng3 h6 18. Kh2 Kh7 19. Rg1 Bg7 20. g5 Ng8 21. gxh6 Nxh6 22.
Ng5+ Kh8 23. Nf5 Nf6 24. Nh4 Rg8 25. Qf3 Raf8 26. Be3 Nh5 27. Ne6 Qe7 28. Bg5
Bf6 29. Bxf6+ Nxf6 30. Nxf8 Rxf8 31. Rxg6 fxg6 32. Nxg6+ Kh7 33. Nxe7 Nfg4+ 34.
Kg2 1-0

[Event "Schachfestival Basel"]
[Site "?"]
[Date "2017.01.05"]
[Round "5.44"]
[White "Braeunlin, Klaus"]
[Black "Pratyusha, Bodda"]
[Result "0-1"]
[WhiteElo "1965"]
[BlackElo "2247"]
[PlyCount "40"]
[EventDate "2017.01.??"]
[EventType "swiss"]
[EventRounds "9"]

1. e4 e5 2. Nf3 Nc6 3. Bc4 Bc5 4. O-O Nf6 5. d3 a6 6. c3 d6 7. h3 h6 8. Bb3 O-O
9. Be3 Ba7 10. Bc2 Ne7 11. d4 Ng6 12. Kh2 Qe7 13. Qe2 Bd7 14. Nbd2 exd4 15.
Nxd4 Rfe8 16. Rae1 d5 17. Nf5 Qf8 18. Qf3 Bxf5 19. Bxa7 Bxe4 20. Nxe4 dxe4 0-1

[Event "Schachfestival Basel"]
[Site "?"]
[Date "2017.01.05"]
[Round "5.45"]
[White "Schmuki, Roman"]
[Black "Furman, Boris"]
[Result "1-0"]
[WhiteElo "2048"]
[BlackElo "2205"]
[PlyCount "79"]
[EventDate "2017.01.??"]
[EventType "swiss"]
[EventRounds "9"]

1. e4 c5 2. c3 Nf6 3. e5 Nd5 4. d4 cxd4 5. Nf3 Nc6 6. cxd4 d6 7. Bc4 Nb6 8. Bd3
Bg4 9. Be3 dxe5 10. dxe5 Nxe5 11. Nxe5 Bxd1 12. Bb5+ Nd7 13. Bxd7+ Qxd7 14.
Nxd7 Bf3 15. gxf3 Kxd7 16. Nc3 g6 17. Ke2 Bg7 18. Rhd1+ Ke6 19. Rd3 Rhc8 20.
Rad1 Bxc3 21. bxc3 Rc4 22. f4 Ra4 23. R1d2 Rc8 24. Rd4 Rxd4 25. Bxd4 Rc4 26.
Kd3 Ra4 27. Re2+ Kd7 28. c4 e6 29. Rb2 Kc6 30. Bc3 a6 31. Bd4 h5 32. h4 Kc7 33.
c5 Ra3+ 34. Ke4 Rh3 35. Bf6 Ra3 36. Be7 Rh3 37. Ke5 Rh1 38. Rd2 Rh3 39. Rd6 Rf3
40. Bd8+ 1-0

[Event "Schachfestival Basel"]
[Site "?"]
[Date "2017.01.05"]
[Round "5.46"]
[White "Brait, Wolfgang"]
[Black "Sieber, Fiona"]
[Result "0-1"]
[WhiteElo "1923"]
[BlackElo "2203"]
[PlyCount "94"]
[EventDate "2017.01.??"]
[EventType "swiss"]
[EventRounds "9"]

1. d4 Nf6 2. c4 g6 3. Nc3 d5 4. cxd5 Nxd5 5. e4 Nxc3 6. bxc3 Bg7 7. Be3 c5 8.
Qd2 Qa5 9. Rc1 cxd4 10. Bxd4 e5 11. Be3 O-O 12. Bc4 Nc6 13. Ne2 b6 14. O-O Ba6
15. Bd5 Rac8 16. Rfd1 Qa4 17. Bb3 Qa3 18. Qc2 Rc7 19. c4 Na5 20. Rd3 Rfc8 21.
Rc3 Qe7 22. Qd3 Bf8 23. Ng3 Qe6 24. Bg5 Bxc4 25. Qf3 Rc6 26. Bxc4 Rxc4 27. Rxc4
Nxc4 28. Nf5 f6 29. Nh6+ Kg7 30. Be3 Nxe3 31. Rxc8 Qxc8 32. Qxe3 Qc5 33. Qxc5
Bxc5 34. Ng4 h5 35. Ne3 Bxe3 36. fxe3 Kf7 37. Kf2 Ke6 38. Ke2 Kd6 39. Kd3 Kc5
40. Kc3 b5 41. a3 a5 42. Kb3 f5 43. exf5 gxf5 44. g3 b4 45. axb4+ axb4 46. h3
e4 47. g4 fxg4 0-1

[Event "Schachfestival Basel"]
[Site "?"]
[Date "2017.01.05"]
[Round "5.47"]
[White "Xheladini, Mahmut"]
[Black "Bethke, Richard"]
[Result "0-1"]
[WhiteElo "2171"]
[BlackElo "2055"]
[PlyCount "84"]
[EventDate "2017.01.??"]
[EventType "swiss"]
[EventRounds "9"]

1. e4 e5 2. Nf3 Nc6 3. Bb5 a6 4. Ba4 Nf6 5. O-O Be7 6. Re1 b5 7. Bb3 d6 8. c3
O-O 9. d4 Bg4 10. Be3 Bd7 11. Nbd2 Ng4 12. Nf1 Nxe3 13. Nxe3 Bf6 14. Nd5 Re8
15. a4 Rb8 16. axb5 axb5 17. Ra6 g6 18. Nxf6+ Qxf6 19. Bd5 Rb6 20. Rxb6 cxb6
21. Bxc6 Bxc6 22. dxe5 dxe5 23. h4 Rd8 24. Qc1 Kg7 25. Qe3 Rd6 26. Ra1 Bd7 27.
Ra7 h6 28. g3 Rd1+ 29. Kg2 Qe6 30. Ng1 Qc4 31. Ne2 Bg4 32. f3 Rd3 33. Qf2 Rxf3
34. Qxf3 Bxf3+ 35. Kxf3 Qd3+ 36. Kf2 Qxe4 37. b4 g5 38. hxg5 hxg5 39. Re7 g4
40. Re8 Qf3+ 41. Ke1 e4 42. Kd1 e3 0-1

[Event "Schachfestival Basel"]
[Site "?"]
[Date "2017.01.05"]
[Round "5.48"]
[White "Kopylov, Daniel"]
[Black "Muetsch, Annmarie"]
[Result "1-0"]
[WhiteElo "2003"]
[BlackElo "2163"]
[PlyCount "99"]
[EventDate "2017.01.??"]
[EventType "swiss"]
[EventRounds "9"]

1. e4 c5 2. Nf3 Nc6 3. d4 cxd4 4. Nxd4 e5 5. Nb5 d6 6. N1c3 a6 7. Na3 b5 8. Nd5
Nce7 9. c4 Nxd5 10. exd5 bxc4 11. Nxc4 Be7 12. Be3 Nf6 13. Be2 O-O 14. O-O Bb7
15. Nb6 Rb8 16. Rc1 Nd7 17. Nc4 Nf6 18. Nb6 Nd7 19. Nc4 f5 20. f4 Kh8 21. Bf3
exf4 22. Bxf4 Nb6 23. b3 Nxc4 24. bxc4 Bg5 25. Qd2 Qb6+ 26. Kh1 Bxf4 27. Qxf4
g6 28. Rfe1 Rbe8 29. h4 Bc8 30. h5 Qf2 31. Rf1 Qe3 32. Qxd6 g5 33. c5 f4 34.
Rfe1 Qxe1+ 35. Rxe1 Rxe1+ 36. Kh2 Ree8 37. Qb6 g4 38. Qb2+ Kg8 39. Be2 g3+ 40.
Kg1 Bg4 41. h6 Rf7 42. Bf1 f3 43. gxf3 Bxf3 44. d6 Bc6 45. Qd2 Rb8 46. Qg5+ Kf8
47. Qe5 Kg8 48. Qxg3+ Kf8 49. d7 Ra8 50. Qd6+ 1-0

[Event "Schachfestival Basel"]
[Site "?"]
[Date "2017.01.05"]
[Round "5.49"]
[White "Jaber, Daniel"]
[Black "Pajeken, Jakob Leon"]
[Result "1/2-1/2"]
[WhiteElo "2135"]
[BlackElo "1977"]
[PlyCount "66"]
[EventDate "2017.01.??"]
[EventType "swiss"]
[EventRounds "9"]

1. e4 e5 2. Nf3 Nc6 3. Bb5 a6 4. Bxc6 dxc6 5. O-O Qf6 6. d4 exd4 7. Qxd4 Bg4 8.
Bg5 Qg6 9. Qe5+ Be7 10. Bxe7 Nxe7 11. Qf4 Bxf3 12. Qxf3 O-O-O 13. Qe3 Kb8 14.
Nc3 Rd7 15. Rad1 Rhd8 16. Rxd7 Rxd7 17. Rd1 Rxd1+ 18. Nxd1 Qd6 19. Qd3 Qb4 20.
c3 Qd6 21. Qe2 Ng6 22. g3 Ne5 23. f4 Nd3 24. Nf2 Nxf2 25. Kxf2 Qc5+ 26. Qe3 Qh5
27. h4 Qd1 28. Qe2 Qh1 29. Ke3 Qc1+ 30. Kf3 b5 31. e5 Qh1+ 32. Kf2 Qh2+ 33. Kf3
Qh1+ 1/2-1/2

[Event "Schachfestival Basel"]
[Site "?"]
[Date "2017.01.05"]
[Round "5.50"]
[White "Fehr, Axel"]
[Black "Kokje, Joris"]
[Result "0-1"]
[WhiteElo "2148"]
[BlackElo "2093"]
[PlyCount "52"]
[EventDate "2017.01.??"]
[EventType "swiss"]
[EventRounds "9"]

1. c4 Nf6 2. g3 g6 3. Bg2 Bg7 4. Nc3 O-O 5. d3 d6 6. e3 e5 7. Nge2 Nc6 8. O-O
Nh5 9. Nd5 f5 10. Nec3 Ne7 11. b4 Nxd5 12. Nxd5 c6 13. Nc3 f4 14. Bd2 Be6 15.
Rc1 Qd7 16. exf4 exf4 17. Bf3 fxg3 18. hxg3 Bh3 19. Bg2 Bg4 20. Qb3 Bf3 21. Ne4
Qg4 22. Bxf3 Rxf3 23. Kg2 Be5 24. Qd1 Raf8 25. Be3 Nxg3 26. Nf6+ R8xf6 0-1

[Event "Schachfestival Basel"]
[Site "?"]
[Date "2017.01.05"]
[Round "5.51"]
[White "Martig, Markus"]
[Black "Ditter, Juergen"]
[Result "0-1"]
[WhiteElo "2104"]
[BlackElo "2140"]
[PlyCount "66"]
[EventDate "2017.01.??"]
[EventType "swiss"]
[EventRounds "9"]

1. d4 Nf6 2. c4 g6 3. Nc3 Bg7 4. e4 d6 5. f3 O-O 6. Be3 e5 7. Nge2 c6 8. Qd2 a6
9. d5 cxd5 10. cxd5 Nbd7 11. g4 Ne8 12. Ng3 b5 13. h4 Nc5 14. h5 b4 15. Nd1 Qe7
16. Bc4 Bd7 17. hxg6 fxg6 18. Qh2 Rc8 19. Qxh7+ Kf7 20. Rh6 Qf6 21. g5 Qxf3 22.
Qxg6+ Ke7 23. Nh5 Qh1+ 24. Kd2 Nxe4+ 25. Kc2 Bf5 26. Nxg7 Qg2+ 27. Kb3 Bxg6 28.
Rxg6 Rf3 29. Bd3 Nc5+ 30. Bxc5 Rxd3+ 31. Nc3 bxc3 32. Nf5+ Kd7 33. Bxd6 Qxb2+
0-1

[Event "Schachfestival Basel"]
[Site "?"]
[Date "2017.01.05"]
[Round "5.52"]
[White "Ditzler, Juerg"]
[Black "Ernst, Heinz"]
[Result "1/2-1/2"]
[WhiteElo "2052"]
[BlackElo "1998"]
[PlyCount "23"]
[EventDate "2017.01.??"]
[EventType "swiss"]
[EventRounds "9"]

1. Nf3 d5 2. d4 Nf6 3. c4 e6 4. Bg5 Nbd7 5. Nc3 Be7 6. e3 O-O 7. cxd5 exd5 8.
Bd3 c6 9. Qc2 Re8 10. O-O Nf8 11. Ne5 Ng4 12. Bxe7 1/2-1/2

[Event "Schachfestival Basel"]
[Site "?"]
[Date "2017.01.06"]
[Round "6.2"]
[White "Bauer, Christian"]
[Black "Schroeder, Jan Christian"]
[Result "1-0"]
[WhiteElo "2635"]
[BlackElo "2550"]
[PlyCount "151"]
[EventDate "2017.01.??"]
[EventType "swiss"]
[EventRounds "9"]

1. c4 e6 2. Nc3 d5 3. d4 Nf6 4. Nf3 Be7 5. Qc2 c5 6. cxd5 exd5 7. dxc5 Nc6 8.
Bg5 O-O 9. e3 h6 10. Bxf6 Bxf6 11. O-O-O Be6 12. Bc4 Nb4 13. Qb3 Qa5 14. Nxd5
Qxc5 15. Qxb4 Qxb4 16. Nxb4 Bxc4 17. Nd5 Bxa2 18. Nxf6+ gxf6 19. Rd4 Rfd8 20.
Rxd8+ Rxd8 21. Nd4 Be6 22. Kd2 Rc8 23. Ra1 a6 24. Ra5 Kg7 25. f3 Kg6 26. h4 Rc7
27. b4 Rc4 28. b5 axb5 29. Rxb5 Rc7 30. e4 Bd7 31. Rb6 Kg7 32. Ke3 Bc8 33. Kf4
Bd7 34. Ke3 Bc8 35. Kf4 Bd7 36. g4 Bc8 37. Ke3 Bd7 38. Rd6 Rc3+ 39. Kd2 Rc7 40.
Ke3 Rc3+ 41. Kf2 Rc7 42. Ne2 Be6 43. Nf4 Rc6 44. Nh5+ Kg6 45. Rd8 Rc8 46. Nf4+
Kh7 47. Rd6 b5 48. Rb6 Rc5 49. Nxe6 fxe6 50. Rxe6 Kg6 51. Rb6 Kf7 52. h5 Ke7
53. Ke3 Rc3+ 54. Kf4 Rc5 55. Rb7+ Ke6 56. Rh7 b4 57. Rb7 Rc4 58. Rb6+ Kf7 59.
Kg3 Rd4 60. e5 fxe5 61. Rxh6 Rd3 62. Rb6 b3 63. Kf2 e4 64. fxe4 Rh3 65. Kg2 Re3
66. g5 Rxe4 67. Rxb3 Rg4+ 68. Rg3 Rh4 69. g6+ Kg7 70. Rg5 Ra4 71. h6+ Kxh6 72.
g7 Ra2+ 73. Kf3 Ra3+ 74. Ke2 Ra2+ 75. Kd1 Ra8 76. g8=R 1-0

[Event "Schachfestival Basel"]
[Site "?"]
[Date "2017.01.06"]
[Round "6.3"]
[White "Bai, Jinshi"]
[Black "Van Foreest, Jorden"]
[Result "1-0"]
[WhiteElo "2560"]
[BlackElo "2612"]
[PlyCount "109"]
[EventDate "2017.01.??"]
[EventType "swiss"]
[EventRounds "9"]

1. d4 d5 2. c4 c6 3. cxd5 cxd5 4. Bf4 Nc6 5. e3 Nf6 6. Nc3 Bg4 7. Qb3 Na5 8.
Bb5+ Bd7 9. Qd1 e6 10. Bd3 Rc8 11. Nf3 Nc4 12. Bxc4 Rxc4 13. O-O Be7 14. Ne5
Rc8 15. Qb3 Qb6 16. Rfc1 Nh5 17. Bg3 Nxg3 18. hxg3 Qb4 19. Qxb4 Bxb4 20. Nb5
Ke7 21. Nxa7 Rxc1+ 22. Rxc1 Bd6 23. Nxd7 Kxd7 24. Nb5 h5 25. Kf1 g6 26. Ke2 Ra8
27. a3 Rh8 28. b4 g5 29. Nxd6 Kxd6 30. a4 Ra8 31. a5 f5 32. Rc5 Ra6 33. Rb5 Kc6
34. Rc5+ Kd6 35. Kd3 b6 36. axb6 Rxb6 37. b5 Rb8 38. Kc3 Ra8 39. Kb3 Ra1 40.
Rc6+ Kd7 41. Rc2 h4 42. gxh4 gxh4 43. Kb4 Rg1 44. f4 Rb1+ 45. Ka5 Ra1+ 46. Kb6
Ra3 47. Rc7+ Kd6 48. Rc6+ Kd7 49. Rc7+ Kd6 50. Kb7 Rxe3 51. Kc8 e5 52. fxe5+
Ke6 53. Rc6+ Ke7 54. b6 Rg3 55. b7 1-0

[Event "Schachfestival Basel"]
[Site "?"]
[Date "2017.01.06"]
[Round "6.4"]
[White "Donchenko, Alexander"]
[Black "Kunin, Vitaly"]
[Result "1/2-1/2"]
[WhiteElo "2559"]
[BlackElo "2576"]
[PlyCount "53"]
[EventDate "2017.01.??"]
[EventType "swiss"]
[EventRounds "9"]

1. e4 e5 2. Nf3 Nf6 3. Nxe5 d6 4. Nf3 Nxe4 5. d4 Be7 6. Bd3 Nf6 7. h3 O-O 8.
O-O Nbd7 9. c4 d5 10. cxd5 Nb6 11. Nc3 Nbxd5 12. Re1 h6 13. Ne5 Be6 14. a3 Re8
15. Qf3 c6 16. Qg3 Nh5 17. Qf3 Nhf6 18. Bc2 Bd6 19. Qg3 Kf8 20. Qd3 Nxc3 21.
bxc3 c5 22. Ba4 Re7 23. Bf4 cxd4 24. cxd4 Rc8 25. Rad1 Kg8 26. Bc2 Rec7 27. d5
1/2-1/2

[Event "Schachfestival Basel"]
[Site "?"]
[Date "2017.01.06"]
[Round "6.5"]
[White "Abasov, Nijat"]
[Black "Gao, Rui"]
[Result "1/2-1/2"]
[WhiteElo "2561"]
[BlackElo "2544"]
[PlyCount "30"]
[EventDate "2017.01.??"]
[EventType "swiss"]
[EventRounds "9"]

1. e4 c5 2. c3 Nf6 3. e5 Nd5 4. Nf3 Nc6 5. Bc4 Nb6 6. Bb3 d5 7. exd6 Qxd6 8.
Na3 Be6 9. d4 cxd4 10. Nb5 Qd7 11. Bf4 Bxb3 12. Qxb3 Na5 13. Qb4 Nc6 14. Qb3
Na5 15. Qb4 Nc6 1/2-1/2

[Event "Schachfestival Basel"]
[Site "?"]
[Date "2017.01.06"]
[Round "6.6"]
[White "Bellahcene, Bilel"]
[Black "Beukema, Stefan"]
[Result "1/2-1/2"]
[WhiteElo "2493"]
[BlackElo "2398"]
[PlyCount "60"]
[EventDate "2017.01.??"]
[EventType "swiss"]
[EventRounds "9"]

1. e4 e5 2. f4 Bc5 3. Nf3 d6 4. c3 Nf6 5. d4 Bb6 6. fxe5 dxe5 7. Nxe5 Nxe4 8.
Qf3 Nd6 9. Be3 Be6 10. Nd2 c6 11. Bd3 Nd7 12. Rd1 Qh4+ 13. Bf2 Qf6 14. Qg3 Nxe5
15. Qxe5 Qxe5+ 16. dxe5 Nf5 17. Nc4 Bxc4 18. Bxc4 Ne3 19. Bxe3 Bxe3 20. Rf1 Rf8
21. Ke2 Bg5 22. Rf5 h6 23. Rdf1 Rd8 24. Bxf7+ Ke7 25. Bb3 Rxf5 26. Rxf5 Rf8 27.
Rxf8 Kxf8 28. Bc2 Bf4 29. h3 Bxe5 30. Be4 Ke7 1/2-1/2

[Event "Schachfestival Basel"]
[Site "?"]
[Date "2017.01.06"]
[Round "6.7"]
[White "Heimann, Andreas"]
[Black "Low, Zhen Yu Cyrus"]
[Result "1-0"]
[WhiteElo "2603"]
[BlackElo "2245"]
[PlyCount "105"]
[EventDate "2017.01.??"]
[EventType "swiss"]
[EventRounds "9"]

1. d4 Nf6 2. c4 g6 3. Nc3 d5 4. cxd5 Nxd5 5. e4 Nxc3 6. bxc3 Bg7 7. Nf3 c5 8.
Be3 Bg4 9. Rc1 Qa5 10. Qb3 cxd4 11. Nxd4 Bc8 12. Qb5+ Qxb5 13. Nxb5 Na6 14.
Nxa7 O-O 15. Bc4 Bd7 16. O-O Be5 17. Rb1 Rab8 18. Rfd1 Ba4 19. Bb3 Bxb3 20.
Rxb3 Rfd8 21. Rdb1 Rd3 22. c4 Rd7 23. c5 Ra8 24. c6 bxc6 25. Nxc6 Bd6 26. Rc3
Rc7 27. Rbc1 Kf8 28. g3 Rac8 29. Bb6 Rb7 30. Bd4 Rbc7 31. a4 Nc5 32. Bxc5 Rxc6
33. Bb4 Rxc3 34. Rxc3 Ra8 35. Bxd6 exd6 36. Ra3 Ra5 37. Kf1 Ke7 38. Ke2 d5 39.
Kd3 Kd6 40. Ra2 Kc5 41. e5 Kc6 42. f4 Kd7 43. Kc3 Ke6 44. Kb4 Ra8 45. a5 g5 46.
a6 gxf4 47. gxf4 Kf5 48. Kc5 Kxf4 49. Kd4 Ra7 50. Kxd5 h5 51. Ra5 Kg4 52. Kc6
Kh3 53. Kb6 1-0

[Event "Schachfestival Basel"]
[Site "?"]
[Date "2017.01.06"]
[Round "6.8"]
[White "Karthikeyan, P."]
[Black "Alvarez Marquez, Johann Carlos"]
[Result "1-0"]
[WhiteElo "2488"]
[BlackElo "2404"]
[PlyCount "59"]
[EventDate "2017.01.??"]
[EventType "swiss"]
[EventRounds "9"]

1. Nf3 Nf6 2. c4 g6 3. g3 Bg7 4. Bg2 O-O 5. O-O d6 6. Nc3 e5 7. d3 Nc6 8. Rb1
a5 9. a3 Rb8 10. b4 axb4 11. axb4 b6 12. Bg5 h6 13. Bxf6 Bxf6 14. Ne1 Ne7 15.
Nc2 Bg7 16. b5 f5 17. Nd5 Kh7 18. Ncb4 Bd7 19. Nxe7 Qxe7 20. Ra1 Rbc8 21. Ra7
Rf7 22. Bb7 f4 23. Nd5 Qd8 24. Bxc8 Bxc8 25. Nxb6 Bh3 26. Nd5 e4 27. b6 Bxf1
28. Qxf1 fxg3 29. hxg3 e3 30. Nxe3 1-0

[Event "Schachfestival Basel"]
[Site "?"]
[Date "2017.01.06"]
[Round "6.9"]
[White "Van Foreest, Lucas"]
[Black "Deepan Chakkravarthy, J."]
[Result "1-0"]
[WhiteElo "2356"]
[BlackElo "2485"]
[PlyCount "81"]
[EventDate "2017.01.??"]
[EventType "swiss"]
[EventRounds "9"]

1. e4 c5 2. Nf3 d6 3. Bb5+ Nd7 4. d4 cxd4 5. Qxd4 a6 6. Ba4 Ngf6 7. c4 e6 8.
Nc3 Be7 9. O-O O-O 10. Bxd7 Bxd7 11. a4 Bc6 12. Bg5 h6 13. Bh4 g5 14. Bg3 Nh5
15. Qd2 Nxg3 16. hxg3 Bf6 17. Nd4 Qb6 18. Nxc6 bxc6 19. Rfd1 Rab8 20. Rac1 Qxb2
21. Qxb2 Rxb2 22. Rxd6 Rc8 23. Nd1 Ra2 24. Ne3 Rxa4 25. Rd7 c5 26. Ng4 Bg7 27.
e5 Ra2 28. Rb1 Rc2 29. Ne3 Rc3 30. Rbb7 Rf8 31. Rbc7 Rc1+ 32. Kh2 Rb8 33. Rxc5
h5 34. g4 h4 35. g3 Rb2 36. Rc8+ Kh7 37. Nd1 Rb3 38. Rxf7 hxg3+ 39. Kg2 Kg6 40.
Re7 gxf2 41. Nxf2 1-0

[Event "Schachfestival Basel"]
[Site "?"]
[Date "2017.01.06"]
[Round "6.10"]
[White "Chu, Wei Chao"]
[Black "Collins, Sam"]
[Result "1-0"]
[WhiteElo "2289"]
[BlackElo "2455"]
[PlyCount "159"]
[EventDate "2017.01.??"]
[EventType "swiss"]
[EventRounds "9"]

1. Nf3 d5 2. b3 c6 3. Bb2 Bg4 4. e3 Nd7 5. h3 Bxf3 6. Qxf3 Ngf6 7. d4 g6 8. Bd3
Bg7 9. O-O O-O 10. c4 e5 11. Qe2 Re8 12. Qc2 exd4 13. Bxd4 c5 14. Bb2 d4 15.
exd4 Nh5 16. Nc3 cxd4 17. Ne2 Nc5 18. Rad1 Qg5 19. b4 Ne6 20. Bc1 Qh4 21. Be4
Re7 22. Bd5 Rae8 23. Qd2 h6 24. Qd3 b6 25. f4 Nc7 26. Bf3 Ng3 27. Nxg3 Qxg3 28.
Bd2 Ne6 29. Be4 Qxd3 30. Bxd3 a5 31. f5 gxf5 32. bxa5 Nc5 33. Bxf5 bxa5 34.
Bxa5 Re2 35. Bb6 Ne4 36. Bd7 Ra8 37. a4 Nc3 38. Rd3 Nxa4 39. Bxd4 Bxd4+ 40.
Rxd4 Nc5 41. Bc6 Ra7 42. Bd5 Rae7 43. Rg4+ Kf8 44. Rg6 Ne4 45. Rxh6 Ng3 46. Ra1
Nf5 47. Rh5 Ne3 48. Rg5 Nxd5 49. cxd5 Rd2 50. Ra8+ Re8 51. Rxe8+ Kxe8 52. h4 f6
53. Rf5 Kf7 54. h5 Kg7 55. Kh2 Rd3 56. g4 Re3 57. Kg2 Rd3 58. Kf2 Rd4 59. Kf3
Rd1 60. Ke3 Re1+ 61. Kd4 Rd1+ 62. Kc5 Rc1+ 63. Kd6 Rc4 64. g5 fxg5 65. Rxg5+
Kf6 66. Rg1 Rh4 67. Rf1+ Kg7 68. Ke7 Re4+ 69. Kd7 Re5 70. d6 Rxh5 71. Ke6 Rh2
72. d7 Re2+ 73. Kd6 Rd2+ 74. Ke7 Re2+ 75. Kd8 Rc2 76. Rf4 Rc1 77. Ke7 Re1+ 78.
Kd6 Rd1+ 79. Ke6 Rd2 80. Rf5 1-0

[Event "Schachfestival Basel"]
[Site "?"]
[Date "2017.01.06"]
[Round "6.11"]
[White "Pelletier, Yannick"]
[Black "Bao, Qilin"]
[Result "1/2-1/2"]
[WhiteElo "2576"]
[BlackElo "2343"]
[PlyCount "87"]
[EventDate "2017.01.??"]
[EventType "swiss"]
[EventRounds "9"]

1. Nf3 Nf6 2. c4 e6 3. g3 d5 4. d4 Be7 5. Bg2 O-O 6. O-O c5 7. cxd5 exd5 8.
dxc5 Bxc5 9. a3 Ne4 10. Nfd2 Qe7 11. Nxe4 dxe4 12. Nc3 Rd8 13. Qc2 f5 14. b4
Bd4 15. Rd1 Be6 16. e3 Bf6 17. Rxd8+ Qxd8 18. Bb2 Nc6 19. Rd1 Qe7 20. Nd5 Bxd5
21. Rxd5 Bxb2 22. Qxb2 Qe6 23. Qd2 Ne5 24. Rd6 Qb3 25. Qd5+ Qxd5 26. Rxd5 Re8
27. g4 Nxg4 28. Rxf5 b6 29. Rd5 Nf6 30. Rd4 Rc8 31. b5 Rc5 32. a4 Rc1+ 33. Bf1
Kf7 34. a5 Rc5 35. h3 Ke7 36. a6 Rg5+ 37. Kh2 h5 38. h4 Rf5 39. Kg3 g5 40. hxg5
Rxg5+ 41. Kh3 Rc5 42. Kg3 Rg5+ 43. Kh3 Rc5 44. Kg3 1/2-1/2

[Event "Schachfestival Basel"]
[Site "?"]
[Date "2017.01.06"]
[Round "6.12"]
[White "Korpa, Bence"]
[Black "Faibisovich, Vadim Z"]
[Result "1-0"]
[WhiteElo "2473"]
[BlackElo "2320"]
[PlyCount "71"]
[EventDate "2017.01.??"]
[EventType "swiss"]
[EventRounds "9"]

1. Nf3 d5 2. g3 c6 3. Bg2 Bg4 4. c4 Bxf3 5. Bxf3 e6 6. cxd5 exd5 7. O-O Nf6 8.
d3 Nbd7 9. Nc3 Be7 10. e4 dxe4 11. dxe4 Ne5 12. Be2 Qxd1 13. Rxd1 Ned7 14. f4
O-O-O 15. e5 Ne8 16. Be3 Bc5 17. Bxc5 Nxc5 18. Bg4+ Ne6 19. Ne4 h6 20. Rxd8+
Kxd8 21. Rd1+ Kc8 22. f5 Nf8 23. e6 fxe6 24. fxe6 Ng6 25. e7+ Kc7 26. Rd7+ Kb6
27. Be6 a5 28. a4 Nc7 29. Rd8 Re8 30. Rxe8 Nxe8 31. Bf7 Nxe7 32. Bxe8 Nd5 33.
Kf2 Nf6 34. Nxf6 gxf6 35. Ke3 Kc5 36. Bf7 1-0

[Event "Schachfestival Basel"]
[Site "?"]
[Date "2017.01.06"]
[Round "6.13"]
[White "Antal, Tibor Kende"]
[Black "Gomes, Mary Ann"]
[Result "0-1"]
[WhiteElo "2420"]
[BlackElo "2299"]
[PlyCount "136"]
[EventDate "2017.01.??"]
[EventType "swiss"]
[EventRounds "9"]

1. e4 c5 2. Nf3 d6 3. Bb5+ Nd7 4. O-O a6 5. Bd3 Ngf6 6. c3 b5 7. Bc2 Bb7 8. Qe2
e5 9. d4 Be7 10. Rd1 Qc7 11. dxe5 dxe5 12. Nh4 g6 13. Bh6 Nf8 14. a4 c4 15. Na3
Bxa3 16. Rxa3 Ne6 17. axb5 axb5 18. Rxa8+ Bxa8 19. b3 Ke7 20. Bc1 Qa5 21. bxc4
Qxc3 22. Nf3 Rc8 23. Bd2 Nf4 24. Bxf4 exf4 25. e5 Nd7 26. e6 fxe6 27. Re1 Bxf3
28. Qxe6+ Kd8 29. gxf3 Qxc2 30. cxb5 Rb8 31. Qd5 Qc5 32. Qg8+ Kc7 33. Qxh7 Qg5+
34. Kh1 Rxb5 35. Qg8 Rc5 36. Rd1 Qh5 37. Qa8 Ra5 38. Rc1+ Kd6 39. Qc6+ Ke7 40.
Rd1 Qf5 41. Qd6+ Ke8 42. Qc6 Re5 43. Qc8+ Ke7 44. Qc7 Rb5 45. Qd6+ Ke8 46. Kg2
Re5 47. Rd4 g5 48. Qh6 Re7 49. Qh5+ Kf8 50. Qh6+ Kg8 51. Rd6 Rg7 52. Qh5 Nf8
53. Qh3 g4 54. Qh4 gxf3+ 55. Kxf3 Ne6 56. Qh6 Ng5+ 57. Ke2 Nf7 58. Qe6 f3+ 59.
Ke3 Qc5+ 60. Rd4 Rg5 61. Kd3 Qa3+ 62. Kd2 Qa5+ 63. Kd3 Qa3+ 64. Kd2 Qb2+ 65.
Kd3 Qxf2 66. h4 Qf1+ 67. Kc3 Rc5+ 68. Kb3 Qb1+ 0-1

[Event "Schachfestival Basel"]
[Site "?"]
[Date "2017.01.06"]
[Round "6.14"]
[White "Beeke, Bob"]
[Black "Kevlishvili, Robby"]
[Result "0-1"]
[WhiteElo "2315"]
[BlackElo "2417"]
[PlyCount "58"]
[EventDate "2017.01.??"]
[EventType "swiss"]
[EventRounds "9"]

1. d4 Nf6 2. Nf3 g6 3. c4 Bg7 4. Nc3 O-O 5. g3 d6 6. Bg2 Nc6 7. O-O a6 8. d5
Na5 9. b3 c5 10. Bd2 b5 11. cxb5 axb5 12. Nxb5 Nxd5 13. Rc1 Bd7 14. Nxd6 exd6
15. Bxa5 Qxa5 16. Qxd5 Ra6 17. Rc2 Bf5 18. e4 Be6 19. Qd3 Rfa8 20. h4 h6 21.
Nd2 Qb4 22. Rfc1 Rxa2 23. Qxd6 Bb2 24. Rb1 Bd4 25. Rbc1 Qxd2 26. Rxd2 Rxd2 27.
Kh1 Raa2 28. Rxc5 Bxc5 29. Qxc5 Rxf2 0-1

[Event "Schachfestival Basel"]
[Site "?"]
[Date "2017.01.06"]
[Round "6.15"]
[White "Seul, Georg"]
[Black "Hamblok, Roel"]
[Result "1/2-1/2"]
[WhiteElo "2405"]
[BlackElo "2294"]
[PlyCount "173"]
[EventDate "2017.01.??"]
[EventType "swiss"]
[EventRounds "9"]

1. e4 c5 2. Nf3 d6 3. c3 Nf6 4. h3 Nc6 5. Bd3 d5 6. e5 Nd7 7. Bb5 e6 8. d4 Qb6
9. Ba4 Be7 10. O-O O-O 11. Bc2 f6 12. exf6 Nxf6 13. dxc5 Bxc5 14. Nbd2 Bd7 15.
Nb3 Be7 16. Be3 Qc7 17. Bg5 a6 18. Qd3 g6 19. Bh6 Rfe8 20. Ng5 Ne5 21. Qd1 Nf7
22. Nxf7 Kxf7 23. Nd4 Bf8 24. Bxf8 Rxf8 25. f4 Kg7 26. Qe2 Rae8 27. Qe5 Qxe5
28. fxe5 Ng8 29. a4 Rc8 30. a5 Rxf1+ 31. Kxf1 Nh6 32. Ba4 Rf8+ 33. Ke2 Bc8 34.
Re1 Rf4 35. Bc2 Rf8 36. Ke3 Bd7 37. Bd3 Nf7 38. Kd2 Nd8 39. Rf1 Nf7 40. Re1 Nd8
41. Rf1 Nf7 42. Nf3 Nd8 43. Ke3 Nc6 44. Ra1 Rf7 45. Bc2 Bc8 46. Bd3 Bd7 47. Ra3
Re7 48. h4 Rf7 49. Ra1 Rf8 50. b4 Rc8 51. Re1 Rf8 52. Rh1 Be8 53. Nd4 Nd8 54.
Rf1 Rxf1 55. Bxf1 Bd7 56. g3 h6 57. Nb3 Nc6 58. Kf4 g5+ 59. hxg5 hxg5+ 60. Kxg5
Nxe5 61. Nc5 Nf7+ 62. Kf4 e5+ 63. Ke3 Bc6 64. Bh3 Nd6 65. Bd7 Bxd7 66. Nxd7
Nc4+ 67. Kd3 Kf7 68. Nc5 Nd6 69. Ke3 Kg6 70. Na4 Kf5 71. Nb6 Ke6 72. g4 Nf7 73.
Na4 Nd6 74. Kd3 Kf6 75. Nb6 Ke6 76. c4 dxc4+ 77. Nxc4 Nf7 78. Ne3 Ng5 79. Kc4
Kd6 80. Nf5+ Kc6 81. Ng3 Kd6 82. Nf5+ Kc6 83. Ne3 Ne4 84. Nc2 Ng5 85. Ne1 Ne4
86. Nf3 Nd6+ 87. Kc3 1/2-1/2